000 01045nam a22003497a 4500
001 0031065
003 KOHA_MİRAKIL
005 20260207002748.0
007 ta
008 110809b2009 tu |||gr||||#||||0|eng |
020 _a9786053990758
040 _aTR-BiSEU
_btur
_cTR-BiSEU
_erda
041 0 _aeng
044 _ctu
050 _aKKX68
_b.A93 2009
100 1 _aAybay, Rona.
245 1 3 _aAn ıntroduction to law :
_bwith special references to Turkish law/
_cRona Aybay ; Rona Aybay.
264 1 _aİstanbul :
_bİstanbul Bilgi Üniversitesi
_c2009
300 _axiii, 256 s. ;
_c24 cm.
336 _ametin
_btxt
_2rdacontent
337 _aaracısız
_bn
_2rdamedia
338 _acilt
_bnc
_2rdacarrier
490 1 _aİstanbul Bilgi University Press ;
_v233.
490 1 _aLaw ;
_v12
650 0 _aHukuk--Türkiye.
_94192
650 0 _aLaw--Turkey.
_94193
650 0 _aHukuk.
_93772
650 0 _aLaw.
_99315
830 1 _aİstanbul Bilgi University Press ;
_v233.
_961186
830 1 _aLaw ;
_v12
_961187
942 _2lcc
_cBK
999 _c30985
_d30985